000 01710nam a2200397 i 4500
001 28230
003 Mx-PuUPA
005 20260506162345.0
008 140415s2020 mx a fr 001 0 eng d
020 _a9780714879420
040 _cMx-PuUPA
_aMx-PuUPA
_bspa
_dMx-PuUPA
_erda
041 0 _aeng
043 _an-us-ny
110 2 _aMetropolitan Museum of Art (New York, N.Y.),
_918061
_eeditor
245 1 0 _aArt =
_bdiscovering infinite connections in art history /
_cThe Metropolitan Museum of Art, [editor] : edited by Gwen Roginsky, Rachel High Rebecca Morrill and Diane Fortenberry
264 1 _aNew York, NY :
_bPhaidon Press,
_c©2020
300 _a447 páginas, una lámina plegada en tres sin numerar :
_bilustraciones (a color) ;
_c33 cm
336 _2rdacontent
_atexto
_btxt
336 _2rdacontent
_aimagen fija
_bsti
337 _2rdamedia
_asin medio
_bn
338 _2rdacarrier
_avolumen
_bnc
650 7 _2armarc
_aMuseo Metropolitano de Arte (Nueva York, N.Y.)
_vCatálogos
650 7 _2armarc
_aArte comparado
_xObras pictóricas
650 7 _2armarc
_aArte
_zEstado de Nueva York
_zNueva York
_vCatálogos
650 7 _2armarc
_aArte
_xHistoria
650 7 _2armarc
_aCultura visual
700 1 _aRoginsky, Gwen,
_eeditor
700 1 _aHigh, Rachel,
_eeditor
700 1 _aMorrill, Rebecca,
_eeditor
700 1 _aFortenberry, Diane,
_eeditor
942 _2ddc
_cLI
_h708.1471
_iA78
999 _c28230
_d28230